000
00216nam a2200085Ia 4500
008
120527s9999 xx 000 0 und d
100
_a
Protter & Morrey
245
_a
College Calculus with analytic Geometry
942
_c
BK
999
_c
27858
_d
27858